000 01222cam a2200337 a 4500
001 4423755
003 OSt
005 20140310182110.0
008 930719s1992 nyua 001 0deng
010 _a 93179103
020 _a0312091346 :
_c$23.95 ($32.99 Can.)
040 _aDLC
_cDLC
_dDLC
043 _an-us---
050 0 0 _aEn 840.8.K35
_bB86 1992
082 0 0 _aHS 920
_bKe38 1992
100 1 _aBurke, Richard E.
_913360
245 1 4 _aThe Senator :
_bmy ten years with Ted Kennedy /
_cRichard E. Burke, with William and Marilyn Hoffer.
250 _a1st ed.
260 _aNew York :
_bMartin's paperbacks,
_cc1992.
300 _a385 p. :
_bill. ;
_c18cm.
500 _aIncludes index.
600 1 0 _aKennedy, Edward M.
_q(Edward Moore),
_d1932-2009
_xFriends and associates.
_913361
600 1 0 _aBurke, Richard E.
_913362
651 0 _aUnited States
_xPolitics and government
_y1969-1974.
_913363
651 0 _aUnited States
_xPolitics and government
_y1974-1977.
_913364
651 0 _aUnited States
_xPolitics and government
_y1977-1981.
_913365
906 _a7
_bcbc
_corignew
_d1
_encip
_f19
_gy-gencatlg
942 _2lcc
_cHS
999 _c9366
_d9366